000 00279nam a2200109Ia 4500
005 20251222114403.0
008 251222s1900||||xx |||||||||||||| ||spa||
082 _aDVD0080/M48/2011/Ej.2
245 0 _aLos Ășltimos cristeros: The last Christeros
264 _bIDTV Film
942 _cDVD
999 _c1728
_d1728